000
00327nam a22001457a 4500
008
230621b ||||| |||| 00| 0 eng d
020
_a
9780521770293
041
_a
eng
080
_a
61
082
_a
61HUN
100
_a
4
101
_a
MJKP
245
_a
DECISION MAKING IN HEALTH AND MEDICINE
_c
HUNINK.M
942
_2
udc
_c
BK
999
_c
60013
_d
60013